00395nam a2200145Ia 4500008004100000020001800041082001900059100001500078245004400093250000700137260003000144300001100174440002500185650003900210120622s9999 xx 000 0 und d a968-427-178-6 a901 B868p 1992 aBrom, Juan aPara comprender la historia / Juan Brom a61 aMéxico : Nuestro Tiempo a187 p. aLa cultura al pueblo a1. HISTORIA \ 2. HISTORIOGRAFIAÌ